000 00503nam a2200145Ia 4500
008 151213s9999 xx 000 0 und d
100 _aইমরান নূর।
245 _aআমি কিছু বলতে চাই।
_cইমরান নূর।
260 _aঢাকা
_bফশিল্পতরু প্রকাশনী
_c1990
300 _a7314 p.
650 _aBangla
650 _aবাংলা সাহিত্য
700 _aইমরান নূর।
999 _c3884
_d3884